00189nam a22000857a 4500082001400000100001400014245003300028260003500061300000700096 a005.58ATT aAttree K aBlakes go guides power point aAustralia bPascal Pressc2008 a63